000 00631nam a22002052 4500
001 0000008619
005 20151217145843.0
008 080506s xx 000 0 eng d
020 _cKES 2275
040 _aKABU
_cKABU
245 1 0 _aEducational psychology and child development /
_cedited by Suchitra Deshprabhu.
260 _aNew Delhi :
_bKanishka,
_c2006.
300 _avi, 307 p.
650 0 _aEducational psychology.
_@0000153557
650 0 _aChild development.
_@0000148112
700 1 _aDeshprabhu, Suchitra.
_@0000159274
908 _a080506
950 _@1
999 _c3312
_d3312